Intercropping in the immature phase of natural rubber cultivation: Emerging trends and policy challenges (Record no. 44880)

MARC details
000 -LEADER
fixed length control field 00425nam a2200133Ia 4500
082 ## - DEWEY DECIMAL CLASSIFICATION NUMBER
Classification number NR:631.584
Item number SIJ
100 ## - MAIN ENTRY--AUTHOR NAME
Personal name George, Radha
245 #0 - TITLE STATEMENT
Title Intercropping in the immature phase of natural rubber cultivation: Emerging trends and policy challenges
260 ## - PUBLICATION, DISTRIBUTION, ETC. (IMPRINT)
Place of publication Kottayam
Name of publisher Rubber Research Institute of India;2015
300 ## - PHYSICAL DESCRIPTION
Number of Pages 23p.
700 ## - ADDED ENTRY--PERSONAL NAME
Personal name Lakshmanan
942 ## - ADDED ENTRY ELEMENTS (KOHA)
Koha item type Books
Holdings
Withdrawn status Lost status Damaged status Not for loan Home library Current library Date acquired Source of acquisition Full call number Accession Number Koha item type
        RRII Library RRII Library 16/12/2021 Gift NR:631.584 SIJ G01623 Books